| 000 | 00523 a2200169 4500 | ||
|---|---|---|---|
| 020 | _a9814126438 | ||
| 040 |
_aDLC _bDLC |
||
| 082 | _a530 | ||
| 100 | _aHalliday, David | ||
| 245 |
_aStudent solutions manual to accompany Physics _cDavid Halliday, Robert Resnick & Kenneth Krane |
||
| 250 | _a5th | ||
| 260 |
_aSingapore: _bJohn Wiley & Sons (Asia) Pte. Ltd., _c2002. |
||
| 300 |
_avol1-2, 393 p. : _bill. ; _c24 cm. |
||
| 500 | _aIncludes Index | ||
| 650 | _a Physics -- Problems, exercises, etc. | ||
| 942 |
_cBK _k530 HAL _2ddc |
||
| 999 |
_c4447 _d4447 |
||